Top 30 Joyner Lucas Songs - Statistics

General Stats
  • This quiz has been taken 2 times
  • The average score is 14 of 30
Answer Stats
# Song Rating % Correct
22. ADHD 44
100%
2. Isis 72
100%
7. Still Alright 55
100%
19. 24 hours to live 44
50%
12. Active 51
50%
14. Broke and Stupid 48
50%
6. Broski 56
50%
24. Fake Promises 42
50%
28. Hate Me 40
50%
13. I Lied (Intro) 48
50%
10. I'm Ill 51
50%
1. I'm Sorry 86
50%
27. I Wish I Knew 41
50%
20. Lotto 44
50%
11. New Sofas 51
50%
21. One Of Them 44
50%
4. Put Me On 57
50%
8. Revenge 52
50%
23. Seventeen 43
50%
3. Sticks & Stones 68
50%
26. Tear Me Down 42
50%
29. The War 40
50%
25. Time Is Money 42
50%
16. Waiting On This 46
50%
18. When I Need Love 46
50%
15. Best For Me 47
0%
5. Cut U Off 57
0%
30. Three Little Pigs 40
0%
17. What's That? 46
0%
9. Will 52
0%
No matching quizzes found
Score Distribution
Percent of People with Each Score
Percentile by Number Answered
Your Score History
You have not taken this quiz